Unit 5 terms - Statistics

General Stats
  • This quiz has been taken 5 times
  • The average score is 6 of 14
Answer Stats
Hint Answer % Correct
Version of a gene for genetic diversity. Allele
80%
Death of all members of a species. Extinction
60%
Way to show show ancestry of different organisms. Also known as a cladogram. Phylogenetic Tree
60%
Group of organisms that includes the ancestor and all descendants. Clade
40%
Shown as a truncated line on a phylogenetic tree. Extinct Species
40%
Remains of once living things. Fossils
40%
Where lines on a phylogenetic tree meet, signifies a common ancestor between species/groups of organisms. Node
40%
Group of individuals in the same species that interbreed. Multiple of these are possible within a species. Population
40%
Uses constant decay of radioactive atoms to measure the age of material. Radiometric Dating
40%
When there is enough evolution that individuals in different populations can no longer reproduce, and aren't the same species. Speciation
40%
Can reproduce and have viable offspring. Same genome. Uses DNA sequences to confirm relationships between multiple types of these. Species
40%
Anatomy or shape of the organism. Compares the shape of different organisms. Comparative Morphology
20%
Comparing base sequences of genetic material. Comparative Sequence Analysis
20%
Change in the frequency of an allele in a population. Mutation
0%
No matching quizzes found
Score Distribution
Percent of People with Each Score
Percentile by Number Answered
Your Score History
You have not taken this quiz